000 00251nam a22001217a 4500
008 181001b xxu||||| |||| 00| 0 eng d
041 _aeng
080 _a610
100 _a4
101 _aSHM
245 _aThe Human Body
_cKramer,A
942 _2udc
_cBK
999 _c48751
_d48751